| 000 | 01347cam a2200265 4500 | ||
|---|---|---|---|
| 001 | ABS67081 | ||
| 008 | 030929n2003 000 0 eng u | ||
| 035 | _a(Sirsi) u123748 | ||
| 245 | _aSection 23 Landlord and Tenant Act 1927 scrutinised | ||
| 260 | _c2003 | ||
| 490 |
_aCommercial Leases _v17(6) June 2003, 757-759(3) |
||
| 520 | _aConsiders "Beanby Estates Ltd v Egg Stores (Stamford Hill) Ltd" ([2003] EWHC 1252 (Ch), Abs67080) which provided an interpretation of the Landlord and Tenant Act 1927 s23. It was held that where a notice was sent by recorded delivery to the addressee at his place of abode, it was irrefutably deemed to have been served, it followed that service was deemed to have been made on the date of putting the notice in the post and not on the actual date of receipt. | ||
| 590 | _aABS | ||
| 650 | _aBEANBY ESTATES LTD V EGG STORES (STAMFORD HILL) LTD | ||
| 650 | _aLANDLORD AND TENANT ACT 1954 PART II | ||
| 650 | _aSECURITY OF TENURE | ||
| 650 | _aSECTION 25 NOTICES | ||
| 650 | _aRECORDED DELIVERY | ||
| 650 | _aLANDLORD AND TENANT ACT 1927 S23 | ||
| 650 | _aRECORDED DELIVERY SERVICE ACT 1962 | ||
| 650 | _aINTERPRETATION ACT 1978 S7 | ||
| 650 | _aCONVENTION FOR THE PROTECTION OF HUMAN RIGHTS AND FUNDAMENTAL FREEDOMS | ||
| 690 | _aLANDLORD AND TENANT-BUSINESS TENANCIES-CASE LAW | ||
| 942 | _n0 | ||
| 999 |
_c73479 _d73479 |
||